000 00299nam a2200121Ia 4500
008 190216s9999||||xx |||||||||||||| ||und||
100 _aKavalam Viswanatha Kurup
245 0 _aJeevana
260 _bSahithya Pravarthaka Sahakarana Sangam
_c1967
300 _a25p
650 _aKavithkal
942 _cBK
999 _c24550
_d24550